000 00927nam a2200289Ia 4500
003 OSt
005 20221007123806.0
006 a|||||r|||| 00| 0
007 ta
008 221006b |||||||| |||| 00| 0 eng d
020 _a9788123915012 (pbk)
_c1343.00
024 _a79619
037 _bEBA/431/2007-08, 07/09/2007, Educational Book Agency (India)
_cTextbook
040 _aCDL
_cCDL
_beng
041 _2eng
_aeng
082 _aE5:3, F6-;3 Carc
100 _aClarke Hans Thacher
_9717854
245 0 _aHandbook of organic analysis
250 _a4
260 _aNew
_bDelhi CBS Publishers & Distributors
_c1926
300 _ax,291p.
_ccm.
500 _aIndex 269-291p
650 _a Organic analysis
_9717855
650 _aChemistry
942 _hE5:3, F6-;3 Carc
_cTB
_2CC
999 _c1212491
_d1212491